000 00654nam a2200217 i 4500
001 128736
003 ES-MaACL
005 20251012192026.0
007 t|
008 070524s1974 sp ||||1| spa d
080 _a635(02)
100 1 _aTamaro, Domenico.
_9109151
245 1 0 _aManual de horticultura /
_cpor Domenico Tamaro ; versión del italiano por Arturo Caballero.
250 _a7ª tirada.
260 _aBarcelona :
_bGustavo Gili,
_c[1974]
300 _a510 p. :
_bil. ;
_c21 cm.
650 1 4 _aHorticultura.
_913480
700 1 _aCaballero y Segares, Arturo
_933070
852 _aES-MaACL
_jA-6025
_bR.94996
999 _c128736
_d128736